| 000 | 00697nam a22002537a 4500 | ||
|---|---|---|---|
| 001 | 25258 | ||
| 003 | UA-OsUOA | ||
| 005 | 20230915114814.0 | ||
| 007 | ta | ||
| 008 | 20040330b un ||||| |||| 00| 0 ukr d | ||
| 020 | _a5-8297-0016-6 | ||
| 040 |
_aUA-OsUOA _brus _cUA-OsUOA _dUA-OsUOA |
||
| 041 | _arus | ||
| 044 | _aRU | ||
| 080 | _a32(082.24) | ||
| 090 |
_a32(082.24) _bП50 |
||
| 245 |
_aПолитология _bхрестоматия _cпод ред. М. А. Василика |
||
| 260 |
_aМосква _bГардарики _c2000 |
||
| 300 | _a843 с. | ||
| 650 | 7 | _2UDC | |
| 942 |
_cBK _2udc |
||
| 955 | _a0 | ||
| 999 |
_c311551 _d311551 |
||